| 000 | 00459nam a2200157Ia 4500 | ||
|---|---|---|---|
| 005 | 20250508160447.0 | ||
| 008 | 008 250505s9999 xx 000 0 eng d | ||
| 037 | _aBooks to be hide in OPAC | ||
| 040 |
_aFEDL _beng _cFEDL |
||
| 041 |
_aeng _2eng |
||
| 084 |
_a373.5414, WES/O _qFEDL |
||
| 245 | 0 | _aReport of the secondary education comission West Bengal | |
| 300 | _aiii,99p. | ||
| 942 |
_cHB _h373.5414, WES/O |
||
| 999 |
_c1364739 _d1364739 |
||